| 000 | 00697cab a2200217 4500 | ||
|---|---|---|---|
| 001 | WB3214-31 | ||
| 008 | 090401t1996 xxu||||| |||| 00| 0 eng d | ||
| 035 | _a(Sirsi) u64781 | ||
| 041 | _aeng | ||
| 245 | _aAggregates planning advisory bodies | ||
| 260 | _c1996 | ||
| 350 | _a0 | ||
| 490 |
_aDoE News Release _v(157) 1 April 1996, (2) |
||
| 520 | _aThe DoE announces that membership of the RAWPs and NCG will be broadened to reflect wider environmental and industry interests from 1 April 1996. | ||
| 650 | _aAGGREGATES | ||
| 650 | _aNATIONAL CO-ORDINATING GROUP | ||
| 650 | _aREGIONAL AGGREGATES WORKING PARTIES | ||
| 690 | _aMINING AND MINERALS | ||
| 942 | _n0 | ||
| 948 | _c04/03/1997 | ||
| 999 |
_c40361 _d40361 |
||